Falunovellák Grecsó Krisztián: Pletykaanyu : [könyvismertetés] /

Elmentve itt :
Bibliográfiai részletek
Szerző: Varga Balázs
További közreműködők: Grecsó Krisztián
Dokumentumtípus: Cikk
Megjelent: 2002
Sorozat:Tiszatáj 56 No. 5
Kulcsszavak:Magyar irodalom - novella, Magyar irodalom - könyvismertetés, Kritika - irodalmi
Online Access:http://tiszataj.bibl.u-szeged.hu/18119
LEADER 00708nab a2200193 i 4500
001 tisza18119
005 20200331085809.0
008 170308s2002 hu o 0|| hun d
022 |a 0133-1167 
040 |a SZTE Tiszatáj Archívum  |b hun 
041 |a hun 
100 1 |a Varga Balázs 
245 1 0 |a Falunovellák   |h [elektronikus dokumentum] :  |b Grecsó Krisztián: Pletykaanyu : [könyvismertetés] /  |c  Varga Balázs 
260 |c 2002 
300 |a 65-67 
490 0 |a Tiszatáj  |v 56 No. 5 
695 |a Magyar irodalom - novella, Magyar irodalom - könyvismertetés, Kritika - irodalmi 
700 0 1 |a Grecsó Krisztián 
856 4 0 |u http://tiszataj.bibl.u-szeged.hu/18119/1/tiszataj_2002_005_065-067.pdf  |z Dokumentum-elérés